000 00688nam a22002417a 4500
001 2400016
003 DO-SdBNP
005 20180119130559.0
007 2400016
008 160316b 1966 sp xxu||||| |||| 00| 0 spa d
040 _aBPMSU
_bspa
_cBPMSU
100 1 _aMontépin, Xavier de,
_d1824-
245 1 0 _aLos compañeros de la Antorcha /
_cXavier de Montepin.
260 _aBarcelona :
_bRamón Sopena,
_c1966.
300 _a704 p. ;
_c18 cm.
490 1 _aBiblioteca Sopena
_v11, 1
500 _aIncluye datos biográficos del autor
830 0 _pBiblioteca Sopena ;
_n11, 1
910 _a00260
942 _2ddc
_cBK
945 _aInventariado, 2017/MFF
956 _2LOPEREZ
_310
999 _c9273
_d9273